Interaction of CYPIAI Gene and Psychological Stress in Pathogenesis of Male Infertility. (Record no. 1851743)

MARC details
000 -LEADER
fixed length control field 00901nam a2200349Ia 4500
005 - DATE AND TIME OF LATEST TRANSACTION
control field 20260514124350.0
008 - FIXED-LENGTH DATA ELEMENTS--GENERAL INFORMATION
fixed length control field 008 261405s9999 xx 000 0 eng d
037 ## -
-- Thesis
040 ## - CATALOGING SOURCE
-- CRL
040 ## - CATALOGING SOURCE
Language of cataloging eng
040 ## - CATALOGING SOURCE
Transcribing agency CRL
041 ## - LANGUAGE CODE
Language code of text eng
084 ## - COLON CLASSIFICATION NUMBER
-- CRL
100 ## - MAIN ENTRY--PERSONAL NAME
Student/researcher name Singh Dr.Aditi
245 #0 - TITLE STATEMENT
Title Interaction of CYPIAI Gene and Psychological Stress in Pathogenesis of Male Infertility.
260 ## - PUBLICATION, DISTRIBUTION, ETC.
Place of publication, distribution, etc. Delhi
260 ## - PUBLICATION, DISTRIBUTION, ETC.
Name of publisher, distributor, etc. University of Delhi
260 ## - PUBLICATION, DISTRIBUTION, ETC.
Date of publication, distribution, etc. 2016
300 ## - PHYSICAL DESCRIPTION
Extent 75p.
502 ## - Thesis Note
Degree type Ph.D.
502 ## - Thesis Note
Name of granting institution University of Delhi
502 ## - Thesis Note
Year degree granted 2016
650 ## - SUBJECT ADDED ENTRY--TOPICAL TERM
LCSH or local subjects Midicine Biochemistry
700 ## - ADDED ENTRY--PERSONAL NAME
Supervisor / Guide name Dr.Bidhan Chandra,
700 ## - ADDED ENTRY--PERSONAL NAME
Supervisor / Guide name Dr.Prakash Ch.Ray
700 ## - ADDED ENTRY--PERSONAL NAME
Supervisor / Guide name Dr.Sudha Prasad
942 ## - ADDED ENTRY ELEMENTS (KOHA)
Koha item type Thesis
100 ## - MAIN ENTRY--PERSONAL NAME
-- 1239606
541 ## - IMMEDIATE SOURCE OF ACQUISITION NOTE
-- Thesis
650 ## - SUBJECT ADDED ENTRY--TOPICAL TERM
-- 1239601
700 ## - ADDED ENTRY--PERSONAL NAME
-- 1239607
700 ## - ADDED ENTRY--PERSONAL NAME
-- 1239608
700 ## - ADDED ENTRY--PERSONAL NAME
-- 1239384
999 ## -
-- 1851743
-- 1851743
Holdings
Withdrawn status Lost status Not for loan Home library Current library Date acquired Accession Number Koha item type
      Central Library Central Library 2026-05-14 TH0028043 Thesis
Copyright @ Delhi University Library System